[Event "Fagernes GM Swiss 2020"]
[Site "Fagernes"]
[Date "2020.10.07"]
[Round "5.24"]
[White "Fuglestein, Sander"]
[Black "Kvendseth, Thyra"]
[Result "1/2-1/2"]
[WhiteElo "2109"]
[BlackElo "2017"]
[Annotator "ChessBase"]
[PlyCount "65"]
[EventDate "2020.10.04"]
[EventType "swiss"]
[EventCountry "NOR"]
[SourceTitle "playchess.com"]
[Source "ChessBase"]
[SourceQuality "1"]
[TimeControl "40/6000+30:2400+30"]

1. d4 {[%emt 0:00:00]} Nf6 {[%emt 0:00:00]} 2. c4 {[%emt 0:00:00]} g6 {[%emt 0:00:00]} 3. Nf3 {[%emt 0:00:00]} Bg7 {[%emt 0:00:00]} 4. g3 {[%emt 0:00:00]} d6 {[%emt 0:00:13]} 5. Bg2 {[%emt 0:00:00]} O-O {[%emt 0:00:09]} 6. O-O {[%emt 0:00:00]} c6 {[%emt 0:00:49]} 7. Nc3 {[%emt 0:00:06]} Bf5 {[%emt 0:00:20]} 8. b3 {[%emt 0:06:46]} Ne4 {[%emt 0:03:42]} 9. Bb2 {[%emt 0:00:55]} Nxc3 {[%emt 0:00:39]} 10. Bxc3 {[%emt 0:00:05]} Be4 {[%emt 0:00:07]} 11. Qd2 {[%emt 0:01:37]} Nd7 {[%emt 0:03:02]} 12. Rfd1 {[%emt 0:02:25]} Qc7 {[%emt 0:04:46]} 13. Qf4 {[%emt 0:06:26]} Bf5 {[%emt 0:13:06]} 14. e4 {[%emt 0:08:04]} e5 {[%emt 0:12:11]} 15. Qh4 {[%emt 0:05:28]} Bf6 {[%emt 0:04:31]} 16. Ng5 {[%emt 0:09:32]} Bxg5 {[%emt 0:00:31]} 17. Qxg5 {[%emt 0:00:00]} f6 {[%emt 0:00:24]} 18. Qd2 {[%emt 0:09:04]} Bg4 {[%emt 0:04:16]} 19. f3 {[%emt 0:00:39]} Be6 {[%emt 0:09:06]} 20. Rac1 {[%emt 0:01:04]} c5 {[%emt 0:14:38]} 21. dxe5 {[%emt 0:05:22]} dxe5 {[%emt 0:00:12]} 22. Qd6 {[%emt 0:01:29]} Qxd6 {[%emt 0:00:14]} 23. Rxd6 {[%emt 0:00:01]} Kf7 {[%emt 0:01:47]} 24. f4 {[%emt 0:01:26]} Ke7 {[%emt 0:02:00]} 25. Rcd1 {[%emt 0:02:37]} Rad8 {[%emt 0:00:46]} 26. Kf2 {[%emt 0:00:53]} h6 {[%emt 0:10:22]} 27. Ke3 {[%emt 0:03:37]} g5 {[%emt 0:05:31]} 28. Bf3 {[%emt 0:05:17]} Rg8 {[%emt 0:05:24]} 29. Ba5 {[%emt 0:04:20]} b6 {[%emt 0:00:58]} 30. Bc3 {[%emt 0:00:08]} g4 {[%emt 0:05:25]} 31. Be2 {[%emt 0:05:44]} h5 {[%emt 0:01:36]} 32. a4 {[%emt 0:10:55]} a5 {[%emt 0:02:45]} 33. R1d2 {[%emt 0:03:19]} 1/2-1/2

[Event "Fagernes GM Swiss 2020"]
[Site "Fagernes"]
[Date "2020.10.08"]
[Round "6.1"]
[White "Agdestein, Simen"]
[Black "Urkedal, Frode Olav Olsen"]
[Result "0-1"]
[WhiteElo "2552"]
[BlackElo "2549"]
[Annotator "TA"]
[PlyCount "74"]
[EventDate "2020.10.04"]
[EventType "swiss"]
[EventCountry "NOR"]
[SourceTitle "playchess.com"]
[Source "ChessBase"]
[SourceQuality "1"]

{[%evp 15,74,0,2,-20,-20,-28,3,0,35,16,74,-6,45,43,70,66,112,115,379,267,249,210,251,254,270,280,283,276,276,213,208,203,189,199,267,275,418,367,579,572,642,492,520,518,500,502,713,712,712,702,668,293,275,271,266,-32,-30,-30,0,-29996,-716]} 1. d4 Nf6 2. c4 e6 3. Nc3 Bb4 4. e3 O-O 5. Bd3 d5 6. cxd5 exd5 7. Nge2 Re8 8. O-O Bd6 9. Nf4 {9.Bd2 is the modern continuation. E48: Nimzo-Indian: Rubinstein: 5 Bd3 d5 including 6 Ne2, but excluding 6 a3.} c6 10. f3 {[#]} Na6 $5 $146 {[%mdl 8] An interesting novelty.} (10... b6 {is more complex.} 11. Bd2 Bb7 12. Rc1 c5 13. Re1 Nbd7) ({Predecessor:} 10... b6 11. Bc2 Bxf4 12. exf4 c5 13. Re1 Nc6 14. Rxe8+ Qxe8 15. Ba4 Bd7 16. Bxc6 Bxc6 {0-1 (88) Di Benedetto,E (2396)-Smirnov,A (2585) Montebelluna 2019}) 11. Kh1 {The position is equal.} Bxf4 12. exf4 c5 (12... b6 $11) 13. f5 (13. Bb5 $16) 13... c4 (13... cxd4 $11 14. Ne2 Nb4) 14. Bb1 $14 Qb6 15. g4 h6 16. Rg1 Kf8 $2 {[%mdl 8192]} (16... Nb4 $16 {keeps fighting.}) 17. Qd2 {Hoping for g5.} Nh7 18. h4 Nb4 19. g5 hxg5 20. hxg5 Nd3 21. Bxd3 cxd3 22. Qxd3 g6 23. fxg6 Qe6 {[%cal Re6h3]} 24. Bf4 fxg6 (24... Qh3+ $142 25. Bh2 Bf5) 25. Kg2 $18 {Strongly threatening Rh1.} Qf7 (25... Qf5 {was worth a try.} 26. Qxf5+ Bxf5) 26. Qd2 ({Less strong is} 26. Bd6+ Kg8 $18) 26... Bd7 (26... Kg8 $142 27. Rh1 Bd7) 27. Rh1 Kg8 28. Rh4 Qf5 29. Rah1 Re7 30. Nd1 Qe6 31. Ne3 Rf8 32. Be5 {aiming for Ng4.} Qc6 33. Kg3 (33. Rc1 $142 Qb5 34. Rh6) 33... Rxe5 34. dxe5 d4 35. Qxd4 $2 ({White should try} 35. Qe2 $18 Nxg5 36. Rh8+ (36. Rxd4 $2 Rxf3+ 37. Kh4 Nf7 $19) 36... Kg7 37. Rxf8 Kxf8 38. Ng4) 35... Qxf3+ $15 36. Kh2 Bc6 (36... Nxg5 $5 {[%cal Rf3f2]} 37. Qd5+ (37. Qxd7 $2 Qxe3 38. Qd5+ Kg7 $19) 37... Rf7 38. Qxf3 Nxf3+ 39. Kg3 Nxh4 40. Rxh4 Bc6 $11) 37. Qd2 $2 {[%mdl 8192] [#]} (37. Qc4+ $11 Kg7 38. Rf1 Qxe3 {[%mdl 64] [#] Double Attack} 39. Rxh7+ $1 {[%mdl 576] Remove Defender} Kxh7 40. Rxf8 Qd2+ 41. Kh3 Qg2+ 42. Kh4 Qh2+ 43. Kg4 Qg2+ 44. Kh4 Qh2+ 45. Kg4 Qg2+ 46. Kh4) 37... Qxh1+ {Accuracy: White = 69%, Black = 42%.} 0-1

[Event "Fagernes GM Swiss 2020"]
[Site "Fagernes"]
[Date "2020.10.08"]
[Round "6.2"]
[White "Postny, Evgeny"]
[Black "Unneland, Mathias"]
[Result "1-0"]
[WhiteElo "2603"]
[BlackElo "2149"]
[Annotator "TA"]
[PlyCount "63"]
[EventDate "2020.10.04"]
[EventType "swiss"]
[EventCountry "NOR"]
[SourceTitle "playchess.com"]
[Source "ChessBase"]
[SourceQuality "1"]

{[%evp 9,63,1,-4,-14,-12,0,9,1,10,17,24,23,20,6,0,0,4,-16,-3,-20,0,0,238,163,164,171,175,168,179,174,164,173,190,161,203,198,199,208,203,214,212,210,204,218,225,194,229,229,247,202,229,228,234,209,370,247]} 1. d4 Nf6 2. Nf3 e6 3. c4 d5 4. Bg5 dxc4 5. Qa4+ Nbd7 6. Nc3 {D30: Queen's Gambit Declined: Systems without Nc3.} c5 7. e3 cxd4 8. Nxd4 {[#] The position is equal.} Bc5 $146 ({Predecessor:} 8... Be7 9. Bxc4 O-O 10. Qc2 Nb6 11. Bb3 Bd7 12. O-O Rc8 13. Rfd1 Qc7 14. Rac1 Qc5 {½-½ (37) Andreikin,D (2706)-Wang,H (2690) China 2017}) 9. Qxc4 O-O 10. Be2 b6 11. Nb3 Be7 12. Rd1 Bb7 13. Bxf6 (13. O-O {seems wilder.} a6 14. Qh4 h6 15. Bf4 Nd5 16. Qg3) 13... Bxf6 14. Qa4 Bxc3+ 15. bxc3 Bd5 $2 {White stays focused until the end.} (15... Qb8 $1 $11) 16. e4 Qh4 17. Qxd7 Qxe4 {[#]} 18. f3 $1 {[%cal Rf3e4]} Qe5 19. Qa4 Qxc3+ 20. Kf2 a5 21. Qd4 Qc6 22. Rc1 Qb7 23. Rc2 Rfd8 {...Bxb3 is the strong threat.} 24. Qe3 b5 25. Nc5 Qb8 26. g3 b4 27. Rhc1 Qd6 28. Na4 Rab8 29. Qc5 Qe5 30. Nb6 Qh5 {[#]} 31. h4 $1 {Hoping for Nc8!} Qf5 $2 (31... Bxf3 32. Bxf3 Qxc5+ 33. Rxc5 Rxb6) 32. Nxd5 {Accuracy: White = 90%, Black = 77%.} 1-0

[Event "Fagernes GM Swiss 2020"]
[Site "Fagernes"]
[Date "2020.10.08"]
[Round "6.3"]
[White "Kaasen, Tor Fredrik"]
[Black "Haug, Johannes"]
[Result "1/2-1/2"]
[WhiteElo "2386"]
[BlackElo "2481"]
[Annotator "TA"]
[PlyCount "39"]
[EventDate "2020.10.04"]
[EventType "swiss"]
[EventCountry "NOR"]
[SourceTitle "playchess.com"]
[Source "ChessBase"]
[SourceQuality "1"]

{[%evp 16,39,23,23,25,32,51,47,61,37,55,19,19,22,18,9,22,16,26,0,0,0,19,0,0,0]} 1. e4 e5 2. Nf3 Nc6 3. Bb5 a6 4. Ba4 d6 5. O-O Bd7 6. c3 g6 7. d4 Bg7 8. h3 Nf6 9. Bc2 O-O {C60: Ruy Lopez: Unusual Black 3rd moves and 3...g6.} 10. Re1 Nh5 11. Be3 Qe8 {[#] White is slightly better.} 12. a4 $146 ({Predecessor:} 12. Nbd2 Kh8 13. Nb3 a5 14. dxe5 a4 15. Nbd2 Nxe5 16. a3 f5 17. exf5 gxf5 18. Nxe5 dxe5 {½-½ (51) Brkic,A (2600)-Sedlak,N (2572) Mali Losinj 2019}) 12... b6 13. d5 Ne7 14. c4 a5 15. Nc3 f5 16. Nb5 Rc8 17. Na7 Ra8 {The position is equal.} 18. Nb5 Rc8 $1 19. Na7 Ra8 20. Nb5 {Accuracy: White = 90%, Black = 100%.} 1/2-1/2

[Event "Fagernes GM Swiss 2020"]
[Site "Fagernes"]
[Date "2020.10.08"]
[Round "6.4"]
[White "Hobber, Anders"]
[Black "Holm, Kristian Stuvik"]
[Result "1/2-1/2"]
[WhiteElo "2386"]
[BlackElo "2465"]
[Annotator "TA"]
[PlyCount "42"]
[EventDate "2020.10.04"]
[EventType "swiss"]
[EventCountry "NOR"]
[SourceTitle "playchess.com"]
[Source "ChessBase"]
[SourceQuality "1"]

{[%evp 12,14,0,2,-3]} 1. c4 c5 2. Nc3 g6 3. g3 Bg7 4. Bg2 Nc6 5. e3 e6 6. Nge2 Nge7 7. d4 cxd4 {[#] Not much happened in this game. A36: Symmetrical English vs ...g6: 4 Bg2 Bg7.} {Predecessor:} 8. exd4 $146 d5 9. cxd5 Nxd5 10. Nxd5 exd5 11. O-O O-O 12. Be3 Bg4 13. Re1 Re8 14. h3 Bf5 15. Nc3 Be6 16. Qd2 Qd7 17. h4 h5 18. Rac1 Rac8 19. Kh2 Kh7 20. Ne2 Ne7 21. Rxc8 Rxc8 {½-½ (65) Vachier Lagrave,M (2795)-Grischuk,A (2750) chess.com INT 2017} 1/2-1/2

[Event "Fagernes GM Swiss 2020"]
[Site "Fagernes"]
[Date "2020.10.08"]
[Round "6.5"]
[White "Starostits, Ilmars"]
[Black "Ranaldi, Lucas"]
[Result "1/2-1/2"]
[WhiteElo "2464"]
[BlackElo "2334"]
[Annotator "TA"]
[PlyCount "167"]
[EventDate "2020.10.04"]
[EventType "swiss"]
[EventCountry "NOR"]
[SourceTitle "playchess.com"]
[Source "ChessBase"]
[SourceQuality "1"]

{[%evp 15,167,45,36,36,35,39,37,34,36,29,25,39,34,29,34,37,56,54,47,46,52,38,37,42,50,41,49,48,50,27,40,31,31,21,21,25,25,29,34,24,58,0,43,50,39,0,0,0,0,0,0,0,0,0,9,0,5,0,0,0,0,0,0,0,127,130,170,160,172,174,186,90,80,0,127,110,99,76,168,171,171,169,164,161,149,8,8,8,8,8,63,63,64,66,68,68,69,8,83,8,8,8,8,8,17,29,77,69,76,41,47,41,41,48,8,8,8,0,0,0,8,0,177,162,189,189,29961,144,144,144,29960,29962,29963,29963,29960,29937,29951,144,144,144,1502,144,144,144,144,144,144,8,8,8,8,8,8,8]} 1. e4 c6 2. d4 d5 3. e5 Bf5 4. Nf3 e6 5. Be2 c5 6. Be3 cxd4 7. Nxd4 Ne7 8. O-O Nbc6 9. Bb5 {B12: Caro-Kann: Advance Variation.} a6 10. Bxc6+ $1 (10. Nxf5 Nxf5 11. Bxc6+ bxc6 $15) 10... bxc6 11. c4 $1 {White is slightly better.} Qd7 12. cxd5 Nxd5 13. Nxf5 exf5 14. Bd4 Rd8 {Strongly threatening ...Nf4.} 15. Nc3 Bb4 {[#]} 16. e6 $146 ({Predecessor:} 16. Nxd5 Qxd5 17. Bb6 Qxd1 18. Rfxd1 Rxd1+ 19. Rxd1 Ke7 20. Rc1 Kd7 21. Rc4 Be7 22. Ra4 {½-½ (35) Grobler,D (2279)-Herman,T (2235) ICCF email 2019}) 16... fxe6 17. Nxd5 cxd5 18. Bxg7 $1 Qxg7 19. Qa4+ {[%mdl 64] Double Attack} Qd7 20. Qxb4 Qd6 21. Qd4 Kf7 22. Rae1 Rhg8 23. Re3 Rg4 24. f4 Rdg8 25. g3 Rc8 26. Rfe1 Rg6 27. Rb3 Rgg8 28. Ree3 ({Better is} 28. Rb7+ $14 Rc7 29. Qb6 Qxb6+ 30. Rxb6) 28... Rc6 29. Rb7+ Rc7 30. Qa7 Rxb7 $1 31. Qxb7+ $11 {[%mdl 4096] Endgame KQR-KQR} Kg6 32. Qa7 Rc8 33. Qd4 Rc1+ 34. Kg2 Rc8 35. Re5 Kf7 36. g4 Rc4 37. Qa7+ Rc7 38. Qf2 fxg4 39. Qh4 $36 {[%mdl 2048] White has some pressure.} Kg8 (39... Rc2+ $11 40. Kg3 Rxb2 41. Qxh7+ Ke8 42. Qh8+ (42. Kxg4 Rg2+ 43. Kh3 Rf2 $11) 42... Kd7 43. Qg7+ {[%mdl 64] Double Attack} Qe7 44. Rxd5+ exd5 45. Qxb2 Qe3+ 46. Kxg4 Qe6+ 47. Kg5 Qe7+ 48. Kh5 Qf7+ 49. Kg5 Qe7+ 50. Kg6 Qe4+ 51. f5 Qe8+ 52. Kh6 Qe3+ 53. Kh5 Qe8+ 54. Kh6 Qe3+ 55. Kh7 Qh3+ {[%mdl 64] Double Attack} 56. Kg6 Qg4+ 57. Kh6 Qxf5) 40. Qh6 $1 $16 {Threatening mate with Rg5+.} Rg7 41. Rxe6 Qb8 42. Kg3 $1 Qb5 43. Kh4 (43. Re3 $18) 43... Qd7 44. Kg3 ({Much worse is} 44. Rxa6 Qe7+ 45. Kg3 (45. Qf6 $2 Qe1+ 46. Kh5 Qe8+ 47. Kh4 Rg6 $19) 45... Qe3+ 46. Kg2 Qe4+ 47. Kf2 Qc2+ 48. Kg3 Qd3+ 49. Kg2 Qf3+ 50. Kg1 Qe3+ 51. Kg2 Qd2+ 52. Kg3 Qe1+ 53. Kg2 Qe4+ 54. Kf2 Qd4+ 55. Kf1 Qd1+ 56. Kg2 Qf3+ 57. Kg1 Qe3+ 58. Kg2 $11) (44. Re5 $16) 44... a5 (44... Qb5 $11) 45. Re5 Rg6 46. Qh4 Kf8 (46... h6 $16 {was worth a try.}) 47. Qh5 $18 Qa7 {( -> ...Qg1+)} 48. Kg2 Qb7 49. Qf5+ $1 Kg7 50. Rxd5 (50. b3 $1 $16) 50... Qxb2+ $11 {[%mdl 64] Double Attack} 51. Kg3 {Threatens to win with Rd7+.} Qc3+ 52. Qd3 Qxd3+ (52... Qe1+ $11 53. Kg2 Kh6) 53. Rxd3 {KR-KR} Rc6 54. Kxg4 Rc2 55. Ra3 $1 Rc5 56. Re3 (56. Ra4 $14) 56... Kf6 (56... Rc2 $11 {keeps the balance.}) 57. Rb3 ({White should play} 57. a3 $16) 57... h5+ 58. Kf3 Kf5 59. a4 {Black must now prevent Rb5.} Ke6 60. Rb6+ Kd7 61. Rh6 Rc4 62. Rxh5 Rxa4 63. Re5 Ra1 64. Kg4 a4 {[%cal Ba5a4,Ba4a3][%mdl 32]} 65. Kf5 a3 66. Re3 {And now h4 would win.} a2 67. Ra3 Ke7 68. Ra7+ Ke8 $2 (68... Kd6 $11) 69. h3 Rh1 70. Rxa2 Rxh3 $2 {[#]} (70... Kf7 $18 71. Ra3 Kg7 72. Rg3+ Kf7) 71. Kg6 $2 (71. Kf6 $1 Rb3 72. Ra8+ Kd7 73. f5 Rf3 74. Ra6 Ke8 75. Ra8+ Kd7 76. Rf8) 71... Ke7 72. Ra7+ Ke8 $2 {[%mdl 8192]} (72... Kf8 $16 73. f5 Rf3 74. Rf7+ Kg8) 73. f5 Rg3+ 74. Kf6 Rf3 75. Ra8+ Kd7 76. Kg6 $2 (76. Rg8 {mates} Rf2 77. Rf8 Rh2 78. Kg7 Rg2+ 79. Kf7 Rg4 80. Rg8 Rf4 81. f6) 76... Ke7 $16 77. Ra7+ Ke8 $2 {[%mdl 8192] [#]} (77... Kf8 $16 78. Kf6 Kg8 79. Ra8+ Kh7) 78. Ra1 $2 (78. Kf6 $1 $18 {and the rest is easy. Ra8+ is the strong threat.} Rf1 79. Ra8+ Kd7 80. Rf8) 78... Ke7 {intending ...Rg3+.} 79. Rg1 Rf2 80. Re1+ Kf8 81. Re6 (81. Rc1 $16) 81... Rg2+ $1 $11 {The position is equal.} 82. Kf6 {Hoping for Rb6.} Rh2 $1 83. Re3 Rh6+ 84. Kg5 {Accuracy: White = 73%, Black = 71%.} 1/2-1/2

[Event "Fagernes GM Swiss 2020"]
[Site "Fagernes"]
[Date "2020.10.08"]
[Round "6.6"]
[White "Dahl, Trygve"]
[Black "Elsness, Frode"]
[Result "0-1"]
[WhiteElo "2211"]
[BlackElo "2454"]
[Annotator "RC"]
[PlyCount "146"]
[EventDate "2020.10.04"]
[EventType "swiss"]
[EventCountry "NOR"]
[SourceTitle "playchess.com"]
[Source "ChessBase"]
[SourceQuality "1"]
[TimeControl "40/6000+30:2400+30"]

1. e4 {[%emt 0:00:00]} c5 {[%emt 0:02:46]} 2. Nf3 {[%emt 0:00:00]} d6 {[%emt 0:00:08]} 3. d4 {[%emt 0:00:00]} cxd4 {[%emt 0:00:08]} 4. Nxd4 {[%emt 0:00:00]} Nf6 {[%emt 0:00:06]} 5. f3 {[%emt 0:00:00]} e5 {[%emt 0:00:30]} 6. Bb5+ {[%emt 0:00:00]} Nbd7 {[%emt 0:00:18]} 7. Nf5 {[%emt 0:01:00]} d5 {[%emt 0:01:18]} 8. exd5 {[%emt 0:01:30]} a6 {[%emt 0:00:33]} 9. Ba4 {[%emt 0:00:47]} b5 {[%emt 0:00:21]} 10. Bb3 {[%emt 0:00:01]} Nc5 {[%emt 0:00:24]} 11. Ne3 {[%emt 0:00:03]} Bd6 {[%emt 0:01:08]} 12. O-O {[%emt 0:01:07]} e4 {[%emt 0:01:14]} 13. Nc3 {[%emt 0:03:00]} O-O {[%emt 0:03:58]} 14. Qe1 {[%emt 0:04:12]} Re8 {[%emt 0:08:13]} 15. Qh4 {[%emt 0:03:30]} Re5 {[%emt 0:08:14]} 16. f4 {[%emt 0:12:35]} Rh5 {[%emt 0:05:08]} 17. Qf2 {[%emt 0:07:17]} Nxb3 {[%emt 0:07:35]} 18. axb3 {[%emt 0:00:58]} Bc5 {[%emt 0:00:09]} 19. Qe2 {[%emt 0:05:06]} Bg4 {[%emt 0:15:26]} 20. Qe1 {[%emt 0:01:53]} Bd7 {[%emt 0:13:26]} 21. Qe2 {[%emt 0:01:38]} Rh6 {[%emt 0:05:16]} 22. Kh1 {[%emt 0:06:24]} Bxe3 {[%emt 0:04:26]} 23. Bxe3 {[%emt 0:03:28]} b4 {[%emt 0:00:21]} 24. f5 {[%emt 0:07:17]} bxc3 {[%emt 0:00:09]} 25. bxc3 {[%emt 0:00:02]} Rh5 {[%emt 0:03:40]} 26. g4 {[%emt 0:02:23]} Rh4 {[%emt 0:09:30]} 27. Bg5 {[%emt 0:03:17]} Rh3 {[%emt 0:00:02]} 28. c4 {[%emt 0:04:58]} h6 {[%emt 0:00:37]} 29. Kg2 {[%emt 0:05:39]} Rf3 {[%emt 0:02:46]} 30. Bh4 {[%emt 0:01:37]} g5 {[%emt 0:04:16]} 31. Bg3 {[%emt 0:03:29]} Nxg4 {[%emt 0:02:11]} 32. Qxe4 {[%emt 0:02:55]} Rxf1 {[%emt 0:00:03]} 33. Rxf1 {[%emt 0:00:13]} Nf6 {[%emt 0:01:53]} 34. Qd4 {[%emt 0:01:09]} Nh5 {[%emt 0:03:31]} 35. c5 {[%emt 0:07:13]} Ng7 {[%emt 0:00:03]} 36. f6 {[%emt 0:06:15]} Nf5 {[%emt 0:00:46]} 37. Qe5 {[%emt 0:01:22]} Nxg3 {[%emt 0:05:48]} 38. Kxg3 {[%emt 0:05:38]} Qa5 {[%emt 0:00:43]} 39. Qd4 {[%emt 0:01:44]} Re8 {[%emt 0:01:05]} 40. c6 {[%emt 0:05:32]} Qc7+ {[%emt 0:00:35]} 41. Kg2 {[%emt 0:40:10]} Bxc6 {[%emt 0:03:54]} 42. dxc6 {[%emt 0:00:00]} Qxc6+ {[%emt 0:00:03]} 43. Kg3 {[%emt 0:00:00]} Qc7+ {[%emt 0:02:11]} 44. Kg2 {[%emt 0:00:00]} Qxc2+ {[%emt 0:00:26]} 45. Rf2 {[%emt 0:00:00]} Qe4+ {[%emt 0:06:43]} 46. Qxe4 {[%emt 0:00:00]} Rxe4 {[%emt 0:00:01]} 47. Ra2 {[%emt 0:00:00]} Re6 {[%emt 0:00:43]} 48. h4 {[%emt 0:00:00]} Kh7 {[%emt 0:00:28]} 49. hxg5 {[%emt 0:00:00]} hxg5 {[%emt 0:00:02]} 50. Kg3 {[%emt 0:00:00]} Kg6 {[%emt 0:00:35]} 51. Kg4 {[%emt 0:00:00]} Rb6 {[%emt 0:08:33]} 52. Ra3 {[%emt 0:00:00]} Rb4+ {[%emt 0:01:57]} 53. Kg3 {[%emt 0:00:00]} a5 {[%emt 0:01:33]} 54. Rxa5 {[%emt 0:00:00]} Rxb3+ {[%emt 0:00:08]} 55. Kg4 {[%emt 0:00:00]} Rb4+ {[%emt 0:00:04]} 56. Kg3 {[%emt 0:00:00]} Kxf6 {[%emt 0:00:16]} 57. Ra8 {[%emt 0:00:00]} Kf5 {[%emt 0:00:22]} 58. Ra5+ {[%emt 0:00:00]} Kg6 {[%emt 0:00:07]} 59. Ra6+ {[%emt 0:00:00]} f6 {[%emt 0:01:02]} 60. Rc6 {[%emt 0:00:00]} Rf4 {[%emt 0:00:44]} 61. Rc8 {[%emt 0:00:00]} Re4 {[%emt 0:01:01]} 62. Rc6 {[%emt 0:00:00]} Kf5 {[%emt 0:01:22]} 63. Rc5+ {[%emt 0:00:00]} Re5 {[%emt 0:00:02]} 64. Rc4 {[%emt 0:00:00]} Re3+ {[%emt 0:00:26]} 65. Kf2 {[%emt 0:00:00]} Ra3 {[%emt 0:00:08]} 66. Rc6 {[%emt 0:00:00]} g4 {[%emt 0:00:26]} 67. Kg2 {[%emt 0:00:00]} Kg5 {[%emt 0:00:10]} 68. Rc8 {[%emt 0:00:00]} f5 {[%emt 0:00:08]} 69. Rc5 {[%emt 0:00:00]} Re3 {[%emt 0:02:23]} 70. Kf2 {[%emt 0:00:00]} Rf3+ {[%emt 0:01:29]} 71. Kg2 {[%emt 0:00:00]} Kh4 {[%emt 0:00:57]} 72. Ra5 {[%emt 0:02:46]} Rf4 {[%emt 0:00:18]} 73. Ra8 {[%emt 0:02:57]} Rb4 {[%emt 0:00:21]} 0-1

[Event "Fagernes GM Swiss 2020"]
[Site "Fagernes"]
[Date "2020.10.08"]
[Round "6.7"]
[White "Carlsson, Ludvig"]
[Black "Ingebretsen, Jens E"]
[Result "0-1"]
[WhiteElo "2281"]
[BlackElo "2220"]
[Annotator "TA"]
[PlyCount "110"]
[EventDate "2020.10.04"]
[EventType "swiss"]
[EventCountry "NOR"]
[SourceTitle "playchess.com"]
[Source "ChessBase"]
[SourceQuality "1"]

{[%evp 9,110,0,0,0,-2,-5,-4,-11,-5,-16,-15,-17,6,9,0,-7,6,0,19,13,74,58,100,56,66,55,51,-62,-60,-53,-20,-120,-128,-127,-119,-113,-135,-135,-128,-130,-128,-128,-122,-187,-158,-212,-200,-234,-212,-217,-210,-436,-404,-646,-646,-606,-541,-541,-541,-541,-541,-541,-541,-541,-512,-700,-700,-679,-648,-837,-781,-788,-777,-774,-774,-774,-774,-774,-774,-774,-774,-773,-766,-761,-598,-29961,-29965,-29966,-29967,-29965,-29964,-29972,-29973,-29973,-29974,-29974,-29975,-29977,-29978,-29978,-29979,-29977,-29978]} 1. c4 e5 2. Nc3 Bb4 3. e4 Nf6 4. g3 Bxc3 5. dxc3 d6 6. f3 {A22: English Opening: 1...e5 2 Nc3 Nf6.} O-O 7. Nh3 a5 8. Nf2 {The position is equal.} Be6 9. Bd3 {[#]} Na6 $146 ({Predecessor:} 9... Nbd7 10. Qe2 c6 11. O-O Re8 12. Rd1 Qc7 13. Bc2 h6 14. f4 b5 15. cxb5 cxb5 {1-0 (73) So,W (2760)-Mamedyarov,S (2772) Bucharest 2019}) 10. Qe2 Re8 11. O-O Nc5 12. Bc2 a4 13. Be3 b6 14. b4 Nb7 (14... axb3 $11 15. axb3 Bd7) 15. a3 c6 16. Nd1 d5 17. cxd5 cxd5 18. Qb5 (18. Bg5 $14) 18... Nd6 $15 19. Qxb6 Qd7 {Strongly threatening ...Nc4.} 20. Bg5 {White is on the road to losing.} (20. Nb2 $1 $11 {was the only way to keep the balance.}) 20... d4 $1 $17 {...Nc4 is the strong threat.} 21. Nb2 {And now Bxa4 would win.} ({But not} 21. cxd4 $2 Nc4 $19) 21... Reb8 22. Qc5 Rb5 23. Bxa4 Rxa4 24. Nxa4 Rxc5 25. Nxc5 Qb5 26. cxd4 (26. a4 $17 Qc4 27. Nxe6 fxe6 28. a5) 26... Nd7 $1 $19 27. Nxe6 (27. h4 $17) 27... fxe6 28. dxe5 Nxe5 {White must now prevent ...Qe2.} 29. Bf4 Ndf7 30. a4 $2 (30. Kg2 {was worth a try.} g5 31. Bxe5 Nxe5 32. h3) 30... Qe2 31. Bxe5 (31. Rac1 $142 g5 32. Bxe5 Nxe5 33. Rc3) 31... Nxe5 32. Ra3 Nc4 33. Rc3 Ne3 34. Rxe3 Qxe3+ {[%mdl 4096] Endgame KQ-KR} 35. Kg2 Qd2+ {[%mdl 64] Double Attack} 36. Rf2 Qxb4 37. h4 Qxa4 38. Re2 Qd1 39. Rf2 Kf7 40. Rf1 Qe2+ 41. Rf2 Qe3 42. Rf1 Kf6 43. Rf2 Ke5 44. Ra2 Qc3 45. Re2 Kd4 46. Kf2 Qc5 47. Ra2 Kd3+ {Black mates.} 48. Kg2 Ke3 49. Rf2 Qc1 50. Ra2 Qb1 51. Rf2 {[#]} Qh1+ $1 {[%mdl 576] Deflection} 52. Kxh1 Kxf2 53. f4 Kxg3 {[%mdl 64] Double Attack} 54. f5 {[#]} e5 $1 ({Don't blunder} 54... exf5 $2 55. e5 $18) 55. h5 {[#]} h6 $1 {Accuracy: White = 63%, Black = 92%.} 0-1

[Event "Fagernes GM Swiss 2020"]
[Site "Fagernes"]
[Date "2020.10.08"]
[Round "6.8"]
[White "Haldorsen, Benjamin"]
[Black "Miezis, Normunds"]
[Result "1/2-1/2"]
[WhiteElo "2469"]
[BlackElo "2485"]
[Annotator "TA"]
[PlyCount "107"]
[EventDate "2020.10.04"]
[EventType "swiss"]
[EventCountry "NOR"]
[SourceTitle "playchess.com"]
[Source "ChessBase"]
[SourceQuality "1"]

{[%evp 13,107,43,55,47,76,20,26,16,39,42,69,36,48,59,74,74,70,14,18,1,33,0,30,0,0,0,8,0,2,0,0,0,0,-22,0,0,0,0,0,-34,-19,-42,-42,-42,-42,-43,-42,-42,-43,-43,-43,-43,-43,-41,-31,-41,0,0,0,0,0,0,0,0,0,0,0,0,0,0,0,0,0,0,0,-8,0,0,0,0,0,0,0,0,0,0,0,0,0,0,0,0,0,0,0,0]} 1. e4 c5 2. Nf3 e6 3. d4 cxd4 4. Nxd4 a6 5. Bd3 Ne7 6. O-O Nbc6 7. Nxc6 {The old main line.} Nxc6 8. Be3 {B42: Sicilian: Kan Variation: 5 Bd3.} b6 9. c4 (9. Qg4 $16) 9... Bc5 $11 10. Qd2 {[#] White has an edge.} Bb7 $146 ({Predecessor:} 10... O-O 11. Nc3 Rb8 12. f4 f6 13. Rad1 Qe7 14. Kh1 Rf7 15. a3 Qd8 16. b4 Bxe3 17. Qxe3 {½-½ (27) Larios Crespo,M (2149)-Narciso Dublan,M (2447) Palencia 1999}) 11. Nc3 Ne5 12. Be2 Rc8 13. b3 Qc7 14. Bxc5 bxc5 15. f4 (15. Qe3 $14) 15... Nc6 16. Rae1 Nd4 17. Bd3 f6 18. Re3 O-O 19. Rh3 f5 20. exf5 exf5 21. Re3 Rce8 22. Rxe8 Rxe8 23. Re1 Rxe1+ 24. Qxe1 {[%cal Re1e8] [#]} Kf8 25. Qe3 Qd6 26. Ne2 Qg6 {[%csl Gb7][%cal Rg6g2]} 27. Qg3 Nxe2+ 28. Bxe2 Qxg3 29. hxg3 $15 {[%mdl 4096] Endgame KB-KB} Be4 30. g4 fxg4 31. Bxg4 Ke7 32. Kf2 a5 33. Bd1 $1 Kf6 34. g3 g5 35. Ke3 {The position is equal.} Bb1 (35... Bf5 {keeps more tension.} 36. fxg5+ Kxg5 37. Kd2 Kf6 38. Kc3 Ke5) 36. fxg5+ $1 Kxg5 37. a3 h6 38. Kd2 $1 Kf5 39. Kc3 d6 40. b4 axb4+ 41. axb4 cxb4+ 42. Kxb4 Ke4 43. c5 dxc5+ 44. Kxc5 Ke3 45. Kd5 Kf2 46. g4 Kg3 47. Ke5 Bd3 48. Kf6 Kf4 49. Kg7 Kg5 50. Bf3 Bb5 51. Bd1 Bd7 52. Be2 Bxg4 53. Bxg4 Kxg4 54. Kxh6 {Accuracy: White = 85%, Black = 87%.} 1/2-1/2